01652nam a22003257a 4500003000400000005001700004008004100021040002200062082001500084110002800099245001400127260006200141300001800203366000800221490002300229505024600252505021200498505001000710505017700720505001500897650004100912650004400953650004700997650004801044650004701092650004701139650004601186650004901232651004501281OSt20230525105547.0221006b |||||||| |||| 00| 0 eng d cBiblioteca Lado V a700bG599h aGoethe-InstituteEditor aHumboldt/ bSDV Saarbrucker Druckerei und Verlag GmbHc2002aAlemania c21x28cma85p. espa a135v44x0018-7615 aRompiendo LimitesgEl destruido flujo del tiempo Sobre las raíces del terrorismo Bienvenidos al desierto de lo real Joseph Beuys y el World Trade Center Antes y despues de los antentados Alfonbras afganas Los otros 11 de septiembre  aTrascendiento fronterasgOttmar Ette Navid Kermani Richard Rorty Sabine Kebir Gotthold Ephraim Lessing Wolfgang Burgmer Charles F. Fraker Matthias Jager Thomas Macho Martina Meister Klaus Erforth  aNotas aMiscelaneagUna casa de oración para todos los pueblos Una historia familiar como la novela del siglo XX Argentina es tu futuro! Sobre el arte de hablar con la pared  aNoticiario 2Tesauro de Arte & ArquitecturaaARTE 2Tesauro de Arte & ArquitecturaaPINTURA 2Tesauro de Arte & ArquitecturaaFOTOGRAFIA 2Tesauro de Arte & ArquitecturaaENTREVISTAS 2Tesauro de Arte & ArquitecturaaMISCELANEA 2Tesauro de Arte & ArquitecturaaREPORTAJES 2Tesauro de Arte & ArquitecturaaESPAÑOL 2Tesauro de Arte & ArquitecturaaARTE EUROPEO 2Tesauro de Arte & ArquitecturaaALEMANIA